[Event "Championnat de France des Jeunes - Benja"]
[Site "AIX LES BAINS"]
[Date "2009.04.19"]
[Round "1.10"]
[White "Costa, Elodie"]
[Black "Reau, Florine"]
[Result "1-0"]
[WhiteElo "1727"]
[BlackElo "1420"]
[PlyCount "39"]

1. e4 e5 2. Nf3 Nc6 3. Nc3 Nf6 4. d4 Bb4 5. d5 Nxe4 6. dxc6 Nxc3 7. bxc3 Bxc3+
8. Bd2 Bxa1 9. Qxa1 d6 10. Bb5 O-O 11. O-O Qf6 12. Qc3 Qg6 13. Re1 Bh3 14. Nh4
Qh5 15. Qxh3 g5 16. Nf5 Qxh3 17. gxh3 f6 18. cxb7 Rab8 19. Ba6 Kf7 20. Ba5 1-0

[Event "Championnat de France des Jeunes - Benja"]
[Site "AIX LES BAINS"]
[Date "2009.04.19"]
[Round "1.11"]
[White "Hideur, Celine"]
[Black "Pivard, Elsa"]
[Result "0-1"]
[WhiteElo "1410"]
[BlackElo "1710"]
[PlyCount "30"]

1. e4 c6 2. d4 d5 3. Nc3 dxe4 4. Nxe4 Bf5 5. Ng3 Bg6 6. Nf3 Nf6 7. Bc4 e6 8.
Bg5 Bd6 9. O-O O-O 10. Re1 Bxg3 11. hxg3 Nbd7 12. c3 h6 13. Bf4 Nd5 14. Bd6 Re8
15. Qb3 N7b6 0-1

[Event "Championnat de France des Jeunes - Benja"]
[Site "AIX LES BAINS"]
[Date "2009.04.19"]
[Round "1.12"]
[White "Gan, Grace"]
[Black "Reallon, Elsa"]
[Result "1-0"]
[WhiteElo "1700"]
[BlackElo "1410"]
[PlyCount "93"]

1. d4 d5 2. Nf3 Nc6 3. c4 dxc4 4. e3 Bf5 5. Bxc4 Nf6 6. Nc3 e6 7. O-O Bb4 8. a3
Bxc3 9. bxc3 O-O 10. Bb2 a6 11. a4 h6 12. Ba2 b5 13. Bb1 Qd5 14. Bxf5 Qxf5 15.
Re1 Qh5 16. Qd3 b4 17. cxb4 Nxb4 18. Qc4 Nbd5 19. h3 Ne4 20. Qc2 Ng5 21. Nxg5
Qxg5 22. Bc1 Rad8 23. Qc4 a5 24. Qb5 Ra8 25. e4 Nf4 26. Qxg5 hxg5 27. Bxf4 gxf4
28. Rec1 Rfd8 29. Rc4 Kh7 30. Rd1 e5 31. d5 Rd7 32. Rb1 Ra7 33. Rc5 Kh6 34.
Rbb5 c6 35. Rxc6+ Kg5 36. f3 f5 37. Kf2 fxe4 38. fxe4 Rab7 39. Rxb7 Rxb7 40.
Rc2 Rb4 41. Rd2 Rxa4 42. d6 Rb4 43. d7 Rb8 44. d8=Q+ Rxd8 45. Rxd8 a4 46. Ra8
Kh4 47. Rxa4 1-0

[Event "Championnat de France des Jeunes - Pupil"]
[Site "AIX LES BAINS"]
[Date "2009.04.19"]
[Round "1.1"]
[White "Steyer-Striby, Alexis"]
[Black "Lamard, Guillaume"]
[Result "0-1"]
[WhiteElo "1590"]
[BlackElo "2113"]
[PlyCount "72"]

1. Nf3 c5 2. g3 Nf6 3. Bg2 e6 4. c4 Nc6 5. d4 d5 6. cxd5 exd5 7. dxc5 Bxc5 8.
Bg5 h6 9. Bxf6 Qxf6 10. Nc3 d4 11. Ne4 Bb4+ 12. Nfd2 Qe7 13. O-O f5 14. a3 Ba5
15. Nc4 fxe4 16. Nxa5 Nxa5 17. Qxd4 Nc6 18. Qa4 Bf5 19. f3 exf3 20. exf3 O-O
21. f4 Qc5+ 22. Kh1 Bc2 23. b4 Qc4 24. Rfc1 Bxa4 25. Rxc4 Rad8 26. Bf3 Rfe8 27.
Kg2 Rd2+ 28. Kh3 Re3 29. Bh5 Rdd3 30. Bg6 Rd6 31. Be4 Bb3 32. Bxc6 Bxc4 33.
Bxb7 Rd2 34. a4 Be6+ 35. f5 Bxf5+ 36. Kh4 Rxh2# 0-1

[Event "Championnat de France des Jeunes - Pupil"]
[Site "AIX LES BAINS"]
[Date "2009.04.19"]
[Round "1.2"]
[White "Bellahcene, Bilel"]
[Black "Deltour, Quentin"]
[Result "1-0"]
[WhiteElo "1968"]
[BlackElo "1580"]
[PlyCount "41"]

1. e4 e5 2. f4 d6 3. Nf3 Nc6 4. Bc4 Be7 5. O-O Nf6 6. d3 O-O 7. fxe5 dxe5 8. c3
b6 9. b4 Bb7 10. a4 a5 11. b5 Na7 12. Nxe5 Bd6 13. Ng4 Nd7 14. Qf3 Qe7 15. Qf5
Bc8 16. Bg5 Qe8 17. Bh6 Ne5 18. Qg5 Ng6 19. Bxg7 Kxg7 20. Qf6+ Kg8 21. Nh6# 1-0

[Event "Championnat de France des Jeunes - Pupil"]
[Site "AIX LES BAINS"]
[Date "2009.04.19"]
[Round "1.3"]
[White "Venou, Randjit"]
[Black "Msellek, Ilyass"]
[Result "0-1"]
[WhiteElo "1580"]
[BlackElo "1935"]
[PlyCount "140"]

1. e4 c5 2. c3 d5 3. exd5 Qxd5 4. d4 Nf6 5. Nf3 Bg4 6. Be2 e6 7. h3 Bh5 8. Be3
cxd4 9. Qxd4 Nc6 10. Qa4 Be7 11. O-O Qd7 12. Nbd2 O-O 13. Rad1 Nd5 14. Ne4 Qc7
15. Bg5 Bxg5 16. Nexg5 Nf4 17. Rfe1 h6 18. Ne4 Nxe2+ 19. Rxe2 Bxf3 20. gxf3 Qf4
21. Kg2 Ne5 22. Re3 Ng6 23. Nc5 Qg5+ 24. Qg4 Qxc5 25. h4 Qf5 26. Qg3 Rfd8 27.
Rde1 Nf4+ 28. Kh2 Nh5 29. Qg2 Qf4+ 30. Kh3 Qf6 31. Qg4 Qf5 32. Qxf5 exf5 33.
Re7 Rab8 34. Rc7 Rd2 35. Ree7 Nf4+ 36. Kg3 Nd5 37. Rxb7 Rxb2 38. Rxb8+ Rxb8 39.
Rxa7 Nxc3 40. a4 Rb4 41. a5 Ra4 42. a6 Nb5 43. Ra8+ Kh7 44. Rb8 Nc7 45. Rc8
Nxa6 46. Ra8 Nc5 47. Rxa4 Nxa4 48. f4 Nc5 49. Kg2 Kg6 50. Kh3 Kh5 51. f3 Nd3
52. Kg3 Ne1 53. Kf2 Kxh4 54. Kxe1 Kg3 55. Ke2 h5 56. Kf1 Kxf3 57. Kg1 Kxf4 58.
Kh2 Kg4 59. Kg2 h4 60. Kh2 f4 61. Kg2 g5 62. Kg1 f5 63. Kg2 h3+ 64. Kg1 f3 65.
Kh1 f4 66. Kg1 Kh4 67. Kh1 f2 68. Kh2 g4 69. Kh1 f1=Q+ 70. Kh2 g3# 0-1

[Event "Championnat de France des Jeunes - Pupil"]
[Site "AIX LES BAINS"]
[Date "2009.04.19"]
[Round "1.4"]
[White "Gelas, Christophe"]
[Black "Veys, Vincent"]
[Result "1/2-1/2"]
[WhiteElo "1918"]
[BlackElo "1579"]
[PlyCount "126"]

1. d4 d5 2. c4 e6 3. Nc3 Nf6 4. Bg5 Be7 5. e3 O-O 6. Nf3 Nbd7 7. Bd3 c5 8. cxd5
exd5 9. Rc1 cxd4 10. Nxd4 Ne5 11. Bf5 h6 12. Bf4 Nc6 13. Bxc8 Rxc8 14. O-O Bd6
15. Bxd6 Qxd6 16. Ncb5 Qd7 17. Qf3 Nxd4 18. Nxd4 Rxc1 19. Rxc1 Rc8 20. Rd1 Qg4
21. Qxg4 Nxg4 22. h3 Nf6 23. Rd2 a6 24. Rc2 Rxc2 25. Nxc2 Kf8 26. Kf1 Ke7 27.
Nd4 g6 28. Ke2 Kd6 29. Kd3 Nd7 30. b4 Ne5+ 31. Kc3 b5 32. Nb3 Nc6 33. Nc5 Nb8
34. f3 Ke5 35. f4+ Kd6 36. g4 g5 37. a3 f6 38. Kd3 Ke7 39. f5 Kd6 40. e4 Ke5
41. Ke3 dxe4 42. Nxe4 Nd7 43. Nc3 Nb6 44. Ne4 Nc4+ 45. Kf3 Nxa3 46. Nc5 Kd6 47.
Nxa6 Nc4 48. Nc5 Ne5+ 49. Ke3 Nc6 50. Ne4+ Ke7 51. Nc3 Nxb4 52. Nxb5 Nd5+ 53.
Kf3 Nf4 54. h4 h5 55. hxg5 fxg5 56. Nc3 Kf7 57. Ne4 hxg4+ 58. Kxg4 Nd5 59. Kxg5
Ne3 60. f6 Nc4 61. Kf5 Ne3+ 62. Kg5 Nc4 63. Nc5 Nd6 1/2-1/2

[Event "Championnat de France des Jeunes - Pupil"]
[Site "AIX LES BAINS"]
[Date "2009.04.19"]
[Round "1.5"]
[White "Delafargue, Anatole"]
[Black "Purenne, Benoit"]
[Result "0-1"]
[WhiteElo "1570"]
[BlackElo "1902"]
[PlyCount "62"]

1. d4 d5 2. Nf3 Nf6 3. c4 e6 4. Bg5 Be7 5. Nc3 O-O 6. e3 Nbd7 7. Qc2 a6 8. Bd3
dxc4 9. Bxc4 h6 10. Bh4 b5 11. Bd3 Bb7 12. Ne4 Nxe4 13. Bxe7 Qxe7 14. Bxe4 Bxe4
15. Qxe4 Qb4+ 16. Ke2 Qxb2+ 17. Nd2 Nb6 18. Rhc1 Nc4 19. Qd3 c5 20. dxc5 Rad8
21. Rab1 Qxd2+ 22. Qxd2 Rxd2+ 23. Ke1 Rd5 24. c6 Rc8 25. a4 Rxc6 26. axb5 axb5
27. Rb3 Ne5 28. Rcb1 Nd3+ 29. Kf1 Nc1 30. Rxc1 Rxc1+ 31. Ke2 Kf8 0-1

[Event "Championnat de France des Jeunes - Pupil"]
[Site "AIX LES BAINS"]
[Date "2009.04.19"]
[Round "1.6"]
[White "Viennot, Dylan"]
[Black "Pogu, Thomas"]
[Result "1-0"]
[WhiteElo "1889"]
[BlackElo "1570"]
[PlyCount "41"]

1. e4 e5 2. Nf3 Nc6 3. Bb5 Nf6 4. O-O d6 5. d4 a6 6. Bxc6+ bxc6 7. dxe5 Nxe4 8.
exd6 Nxd6 9. Re1+ Be7 10. Ne5 Bb7 11. Bg5 f6 12. Qh5+ g6 13. Nxg6 Kd7 14. Rxe7+
Kc8 15. Bxf6 Re8 16. Rxe8 Qxe8 17. Ne7+ Kd7 18. Qg4+ Nf5 19. Qxf5+ Kd6 20. Nc3
Qxe7 21. Rd1# 1-0

[Event "Championnat de France des Jeunes - Pupil"]
[Site "AIX LES BAINS"]
[Date "2009.04.19"]
[Round "1.8"]
[White "Eid, Amine"]
[Black "Alliot, Sebastien"]
[Result "1/2-1/2"]
[WhiteElo "1845"]
[BlackElo "1552"]
[PlyCount "133"]

1. e4 e5 2. Nc3 Nc6 3. Bc4 Nf6 4. d3 Bc5 5. f4 d6 6. f5 Bd7 7. Bg5 h6 8. Bh4 g5
9. fxg6 fxg6 10. Nd5 g5 11. Bg3 Nxd5 12. Qh5+ Ke7 13. Bxd5 Qf8 14. Ne2 Be8 15.
Qg4 Bd7 16. Qf3 Qxf3 17. gxf3 Raf8 18. h4 gxh4 19. Bxh4+ Ke8 20. Bf2 Rxf3 21.
Bxc5 dxc5 22. Bxc6 Bxc6 23. Rh5 b6 24. Rxe5+ Kf7 25. O-O-O h5 26. Ng1 Rf6 27.
Nh3 h4 28. Rg1 Bd7 29. Ng5+ Kf8 30. Rd5 Bc6 31. Rd8+ Be8 32. e5 Rg6 33. Nh7+
Kg7 34. Rxg6+ Bxg6 35. Rd7+ Kh6 36. Nf6 Rf8 37. Ng4+ Kg5 38. Rg7 Kxg4 39. Rxg6+
Kf5 40. Rh6 Kg5 41. Rh7 Re8 42. Rg7+ Kh6 43. Rg4 Kh5 44. Rg7 Rxe5 45. Rxc7 h3
46. Rxa7 Kh4 47. Rf7 h2 48. Rf1 Rg5 49. Kd2 Rg1 50. Rf8 Rg5 51. Rf1 Rg1 52. Rf8
Kg3 53. Rg8+ Kf4 54. Rh8 Rg2+ 55. Kc3 Kg3 56. d4 cxd4+ 57. Kd3 Kf2 58. Kxd4 Kg1
59. Kc3 Rf2 60. a4 Rf8 61. Rh7 Rf3+ 62. Kb4 Kg2 63. Rxh2+ Kxh2 64. Kb5 Rf6 65.
b4 Kg3 66. a5 bxa5 67. bxa5 1/2-1/2

[Event "Championnat de France des Jeunes - Pupil"]
[Site "AIX LES BAINS"]
[Date "2009.04.19"]
[Round "1.9"]
[White "Micheli, Paul"]
[Black "Balagny-Carbuccia, Nicolas"]
[Result "0-1"]
[WhiteElo "1550"]
[BlackElo "1820"]
[PlyCount "82"]

1. e4 c5 2. Nf3 e6 3. d4 cxd4 4. Nxd4 Nc6 5. Nc3 Nf6 6. Be3 Bb4 7. Bd3 Qa5 8.
Nde2 d5 9. O-O Bxc3 10. Nxc3 d4 11. b4 Qd8 12. Bg5 dxc3 13. b5 Ne5 14. f4 Qd4+
15. Kh1 Nxd3 16. Qxd3 Qxd3 17. cxd3 Bd7 18. Rac1 Rc8 19. a4 O-O 20. Rf2 Rc7 21.
Rfc2 Rfc8 22. h3 a6 23. bxa6 bxa6 24. a5 Bb5 25. Bxf6 gxf6 26. Re2 Bxd3 27. Re3
Bb5 28. Kg1 c2 29. Kf2 Rd7 30. Ke1 Ba4 31. Kf2 Rd1 32. Re1 Rxe1 33. Kxe1 Rd8
34. Rxc2 Bxc2 35. Ke2 Bxe4 36. Ke3 Bxg2 37. Ke2 Bxh3 38. Ke3 h5 39. Ke2 Bf5 40.
Ke3 h4 41. Kf2 h3 0-1

[Event "Championnat de France des Jeunes - Pupil"]
[Site "AIX LES BAINS"]
[Date "2009.04.19"]
[Round "1.10"]
[White "Dupouy, Francois"]
[Black "Rioland, Paul"]
[Result "1-0"]
[WhiteElo "1820"]
[BlackElo "1550"]
[PlyCount "119"]

1. e4 c5 2. Nf3 e6 3. d4 cxd4 4. Nxd4 Nc6 5. Nc3 Qc7 6. f4 a6 7. Be3 b5 8. Qd2
Bb7 9. O-O-O Bb4 10. Bxb5 axb5 11. Ndxb5 Qd8 12. Nd6+ Bxd6 13. Qxd6 Nge7 14.
Nb5 Rxa2 15. Kb1 Ra6 16. Nc7+ Kf8 17. Nxa6 Bxa6 18. Qxd7 Qxd7 19. Rxd7 f5 20.
Rhd1 Kf7 21. R1d6 fxe4 22. Rxc6 Bb5 23. Rcc7 Bxd7 24. Rxd7 Rc8 25. b4 Ke8 26.
Rd4 Nd5 27. Bd2 e3 28. Be1 Kf7 29. c4 Nf6 30. c5 Nd5 31. Rc4 Ke7 32. Kc2 Kd7
33. b5 h6 34. Kb3 e2 35. Bf2 Ne3 36. Rd4+ Ke7 37. c6 Nxg2 38. Re4 Kd6 39. Kc4
Ra8 40. Bc5+ Kc7 41. Rxe2 Ra4+ 42. Bb4 Nxf4 43. Rf2 Nd5 44. Rf7+ Kc8 45. Rf8+
Kc7 46. Kc5 Rxb4 47. Rf7+ Kc8 48. Kd6 Rf4 49. Rxf4 Nxf4 50. b6 Nd5 51. b7+ Kb8
52. Kxe6 Nf6 53. Kf7 Ng4 54. Ke6 Kc7 55. h3 Nf2 56. b8=Q+ Kxb8 57. Kd7 Ne4 58.
c7+ Ka7 59. c8=Q Nf6+ 60. Kc6 1-0

[Event "Championnat de France des Jeunes - Pupil"]
[Site "AIX LES BAINS"]
[Date "2009.04.19"]
[Round "1.11"]
[White "Bedini, Lucas"]
[Black "Guo, Louis"]
[Result "0-1"]
[WhiteElo "1541"]
[BlackElo "1810"]
[PlyCount "38"]

1. e4 e6 2. d4 d5 3. exd5 exd5 4. Nf3 Nf6 5. Bg5 Bd6 6. Nc3 c6 7. Be2 Be6 8.
O-O Nbd7 9. Re1 Qc7 10. Bxf6 gxf6 11. Qd2 O-O-O 12. a3 Bg4 13. g3 f5 14. Ne5
Nxe5 15. dxe5 Bxe5 16. Bxg4 fxg4 17. b4 f5 18. Qg5 Bxc3 19. Qxf5+ Qd7 0-1

[Event "Championnat de France des Jeunes - Pupil"]
[Site "AIX LES BAINS"]
[Date "2009.04.19"]
[Round "1.12"]
[White "Ek, Alexandre"]
[Black "Dubois, Adrien"]
[Result "1-0"]
[WhiteElo "1800"]
[BlackElo "1540"]
[PlyCount "51"]

1. e4 c6 2. d4 d5 3. exd5 cxd5 4. c4 e6 5. Nc3 Nf6 6. Bg5 Bb4 7. cxd5 exd5 8.
Nf3 O-O 9. Be2 Bg4 10. O-O Be6 11. Ne5 Be7 12. f4 Nc6 13. f5 Bc8 14. Bf3 Bxf5
15. Bxf6 Bxf6 16. Bxd5 Bd7 17. Ne4 Bxe5 18. dxe5 Nxe5 19. Qh5 Ng6 20. Ng5 h6
21. Nxf7 Qb6+ 22. Kh1 Kh7 23. Be4 Be8 24. Qxg6+ Qxg6 25. Bxg6+ Kg8 26. Ne5 1-0

[Event "Championnat de France des Jeunes - Pupil"]
[Site "AIX LES BAINS"]
[Date "2009.04.19"]
[Round "1.13"]
[White "Fetiveau, Arthur"]
[Black "Froment, Theophile"]
[Result "1/2-1/2"]
[WhiteElo "1530"]
[BlackElo "1795"]
[PlyCount "96"]

1. e4 c5 2. Nf3 d6 3. Nc3 Nf6 4. Bb5+ Bd7 5. Bc4 e6 6. d3 a6 7. a3 b5 8. Ba2
Be7 9. h3 O-O 10. O-O Bc6 11. Bg5 h6 12. Bh4 d5 13. e5 Nfd7 14. Bxe7 Qxe7 15.
d4 Bb7 16. Ne2 cxd4 17. Qxd4 Nc6 18. Qe3 f6 19. exf6 Qxf6 20. c3 Nce5 21. Ned4
Nxf3+ 22. Nxf3 Rac8 23. Rfe1 Rfe8 24. Qd4 Kh8 25. Qxf6 gxf6 26. Nd4 e5 27. Nf5
Re6 28. Nxh6 Kh7 29. Nf5 Kg6 30. Ne3 Nb6 31. Rad1 Rd8 32. Kh2 Nc4 33. Nxc4 bxc4
34. Bxc4 Red6 35. Bd3+ Kf7 36. Bf5 Bc8 37. Bxc8 Rxc8 38. g4 Rb8 39. Re2 Ke6 40.
Kg3 Rdb6 41. Rdd2 Rb3 42. f4 e4 43. h4 R3b5 44. g5 fxg5 45. hxg5 Kf5 46. Rd4 a5
47. b4 Rc8 48. Re3 a4 1/2-1/2

[Event "Championnat de France des Jeunes - Pupil"]
[Site "AIX LES BAINS"]
[Date "2009.04.19"]
[Round "1.14"]
[White "Stark, Gabriel"]
[Black "Robert, Calvin"]
[Result "1-0"]
[WhiteElo "1780"]
[BlackElo "1530"]
[PlyCount "131"]

1. d4 Nf6 2. c4 e6 3. Nf3 c5 4. e3 d5 5. Nc3 Nc6 6. Be2 dxc4 7. Bxc4 cxd4 8.
exd4 Be7 9. O-O O-O 10. Be3 Na5 11. Bd3 b6 12. a3 Bb7 13. b4 Nc6 14. Bf4 Rc8
15. Rc1 Qd7 16. Ne5 Qd8 17. Nb5 a6 18. Nxc6 Bxc6 19. Na7 Qd5 20. f3 Qxd4+ 21.
Kh1 Qxf4 22. Nxc6 Bd6 23. g3 Qh6 24. Bxh7+ Kxh7 25. Qxd6 Rfd8 26. Qe5 Rd2 27.
g4 Rh8 28. Ne7 g5 29. Qg3 Rd3 30. a4 Ne4 31. Qe5 Nf6 32. f4 Nxg4 33. Qe2 Qh3
34. fxg5 Kg7 35. Qb2+ Kf8 36. Ng6+ Ke8 37. Qxh8+ Qxh8 38. Nxh8 Rh3 39. Nxf7
Rxh2+ 40. Kg1 Rb2 41. g6 Ne3 42. Rf3 Rg2+ 43. Kh1 Rxg6 44. Rxe3 Kxf7 45. Rc7+
Kf8 46. Rf3+ Ke8 47. Rh3 Kd8 48. Ra7 Rg8 49. Rxa6 Kc7 50. b5 Rb8 51. Rd3 e5 52.
Ra7+ Kc8 53. Rf3 Rb7 54. Rf8+ Kc7 55. Rf7+ Kd6 56. Raxb7 e4 57. Rxb6+ Kc5 58.
Rc6+ Kd4 59. b6 e3 60. Re7 Kd5 61. Rce6 e2 62. b7 e1=Q+ 63. Rxe1 Kd4 64. b8=Q
Kd5 65. Qc7 Kd4 66. Rd1# 1-0

[Event "Championnat de France des Jeunes - Pupil"]
[Site "AIX LES BAINS"]
[Date "2009.04.19"]
[Round "1.15"]
[White "Grapin, Nathan"]
[Black "Hyjazi, Theo"]
[Result "0-1"]
[WhiteElo "1520"]
[BlackElo "1770"]
[PlyCount "38"]

1. d4 d6 2. c4 e5 3. d5 f5 4. Nc3 Nf6 5. Bg5 Be7 6. Bxf6 Bxf6 7. e4 O-O 8. Nf3
Na6 9. a3 Nc5 10. Qc2 fxe4 11. Nxe4 Bf5 12. Nfd2 Bg5 13. f3 Bxd2+ 14. Kxd2
Nxe4+ 15. fxe4 Qg5+ 16. Kd1 Bg4+ 17. Be2 Rf2 18. Re1 Raf8 19. h3 Rxe2 0-1

[Event "Championnat de France des Jeunes - Pupillettes"]
[Site "AIX LES BAINS"]
[Date "2009.04.20"]
[Round "1.1"]
[White "Duval, Claire"]
[Black "Bellaiche, Elise"]
[Result "0-1"]
[WhiteElo "1370"]
[BlackElo "1826"]
[Annotator ""]

1. d4 d5 2. c4 c6 3. Nc3 Nf6 4. Bg5 e6 5. e4 dxe4 6. Nxe4 Bb4+ 7. Nc3 Qa5 8.
Bd2 O-O 9. a3 Bxc3 10. Bxc3 Qc7 11. Bd3 Nbd7 12. Nf3 a6 13. Qd2 b5 14. Ba5 Qb8
15. O-O bxc4 16. Bxc4 Bb7 17. Rac1 c5 18. Be2 cxd4 19. Qxd4 Nd5 20. Rc4 Rc8 21.
Rfc1 Rxc4 22. Qxc4 Qf4 23. Qc2 Rc8 24. Bc3 Nxc3 25. bxc3 Ne5 26. Nxe5 Qxe5 27.
Qb2 Qg5 28. f3 Qe3+ 29. Kh1 Rd8 30. Rg1 h6 31. Qxb7 Qxe2 32. Qb1 Rd2 33. Qe1
Qd3 34. Qc1 Rc2 35. Qe1 Rxc3 36. Qf2 Rc2 37. Qb6 Qxa3 38. Qb8+ Kh7 39. Qb1 Qa2
40. Qe1 a5 41. Qb1 a4 42. Rc1 Qxb1 43. Rxb1 a3 44. h3 a2 45. Ra1 h5 46. h4 Kg6
47. Kh2 Kf5 48. Kg3 Ke5 49. f4+ Ke4 50. Re1+ Kd3 51. Kf3 Kc3 52. Re5 a1=Q 53.
Rc5+ Kd2 0-1

[Event "Championnat de France des Jeunes - Pupil"]
[Site "AIX LES BAINS"]
[Date "2009.04.19"]
[Round "1.2"]
[White "Auvray, Honorine"]
[Black "Perrois, Magali"]
[Result "1-0"]
[WhiteElo "1708"]
[BlackElo "1360"]
[PlyCount "129"]

1. e4 e5 2. Nf3 Nc6 3. Bb5 a6 4. Ba4 Nf6 5. O-O Be7 6. Re1 b5 7. Bb3 O-O 8. c3
d6 9. d4 Bg4 10. Bd5 Qd7 11. Bxc6 Qxc6 12. dxe5 dxe5 13. Nxe5 Qe6 14. Nxg4 Nxg4
15. Bf4 c5 16. Nd2 Bd6 17. Bxd6 Qxd6 18. Nf3 Qc6 19. Qe2 Rfe8 20. Rad1 Nf6 21.
e5 Nd7 22. Qd3 Re7 23. Qd6 Qxd6 24. exd6 Rxe1+ 25. Rxe1 f6 26. Rd1 Nb6 27. Nd2
Rd8 28. Ne4 c4 29. Nc5 a5 30. Nb7 Rd7 31. Nc5 Rd8 32. d7 Kf7 33. Rd6 Nxd7 34.
Rxd7+ Rxd7 35. Nxd7 Ke7 36. Nc5 a4 37. Kf1 Kd6 38. Ne4+ Ke5 39. f3 f5 40. Nd2
Kd5 41. Ke2 g5 42. h3 h5 43. g4 fxg4 44. fxg4 hxg4 45. hxg4 Ke5 46. Ke3 Kf6 47.
Nf3 Kg6 48. Ke4 Kf6 49. Kd5 Kg6 50. Kc5 Kf6 51. Kxb5 Kg6 52. Kxc4 Kf6 53. Kd5
Kg6 54. c4 Kf6 55. c5 Ke7 56. Nxg5 a3 57. bxa3 Kf6 58. c6 Kxg5 59. c7 Kxg4 60.
c8=Q+ Kg5 61. Qf8 Kg4 62. Ke4 Kh3 63. Qg8 Kh2 64. Kf3 Kh1 65. Qg2# 1-0

[Event "Championnat de France des Jeunes - Pupil"]
[Site "AIX LES BAINS"]
[Date "2009.04.19"]
[Round "1.3"]
[White "Garnier, Fiona"]
[Black "Imperor, Lorene"]
[Result "1/2-1/2"]
[WhiteElo "1350"]
[BlackElo "1667"]
[PlyCount "73"]

1. e4 c5 2. Nf3 Nc6 3. Nc3 d6 4. b3 g6 5. Bb2 Bg7 6. Bc4 Bg4 7. h3 Bd7 8. O-O
Nf6 9. d3 O-O 10. Re1 a6 11. Rb1 e6 12. a4 Nd4 13. e5 dxe5 14. Rxe5 Nxf3+ 15.
Qxf3 Qc7 16. Rbe1 b6 17. R5e3 Bc6 18. Qe2 Qd7 19. Rd1 b5 20. Ne4 bxc4 21. Nxf6+
Bxf6 22. Bxf6 cxb3 23. cxb3 Qd5 24. f3 Qxb3 25. Rc1 Bxa4 26. Qd2 Qb4 27. Qe2
Rfc8 28. Rxe6 Bd7 29. Rd6 Bb5 30. Qe5 Re8 31. Qa1 Qf4 32. Bh8 f6 33. Rxf6 Qd4+
34. Qxd4 cxd4 35. Rc7 Rec8 36. Rg7+ Kxh8 37. Rff7 1/2-1/2

[Event "Championnat de France des Jeunes - Pupil"]
[Site "AIX LES BAINS"]
[Date "2009.04.19"]
[Round "1.4"]
[White "Abidi, Hasma"]
[Black "Quossi, Anais"]
[Result "1-0"]
[WhiteElo "1660"]
[BlackElo "1350"]
[PlyCount "149"]

1. d4 c5 2. e3 d5 3. Nf3 Nc6 4. c4 e6 5. Nc3 Nf6 6. Bd3 g6 7. cxd5 exd5 8. dxc5
Qe7 9. Nb5 Qd8 10. Qc2 a6 11. Nbd4 Qa5+ 12. Bd2 Qxc5 13. Qxc5 Bxc5 14. Nxc6
bxc6 15. Rc1 Nd7 16. b4 Be7 17. Rxc6 Bb7 18. Rc7 Rb8 19. Nd4 Bd6 20. Rc1 Ke7
21. Bxa6 Ne5 22. Be2 Rhc8 23. O-O Ra8 24. Rxc8 Rxc8 25. f4 Nc4 26. Bxc4 Rxc4
27. a3 Ba6 28. Rc1 Rxc1+ 29. Bxc1 Kd7 30. Kf2 Bc4 31. Bd2 Kc7 32. a4 Kb6 33.
Kf3 h5 34. a5+ Ka6 35. e4 dxe4+ 36. Kxe4 f5+ 37. Ke3 Be7 38. Nc6 Bd6 39. Nd4
Be7 40. g3 Bd8 41. h4 Bf6 42. Nc6 Kb5 43. Ne5 Be7 44. Nxc4 Kxc4 45. a6 Bf6 46.
Ke2 Bd4 47. Be3 Kb5 48. Bxd4 Kxa6 49. Bc5 Kb5 50. Kd3 Kc6 51. Kd4 Kd7 52. Ke5
Kc7 53. Ke6 Kc6 54. Kf6 Kd5 55. Kxg6 Ke6 56. b5 Kd5 57. b6 Kc6 58. Kxf5 Kb7 59.
Kg5 Kc6 60. Kxh5 Kxc5 61. b7 Kd4 62. b8=Q Ke4 63. Qe5+ Kd3 64. f5 Kc4 65. g4
Kd3 66. Qf4 Kc3 67. Qe4 Kb3 68. Qd4 Kc2 69. Qe3 Kb2 70. Qd3 Ka1 71. Qd2 Kb1 72.
f6 Ka1 73. f7 Kb1 74. f8=R Ka1 75. Rf1# 1-0

[Event "Championnat de France des Jeunes - Pupil"]
[Site "AIX LES BAINS"]
[Date "2009.04.19"]
[Round "1.5"]
[White "Cibiel, Fanny"]
[Black "Dieuleveut, Floriane"]
[Result "0-1"]
[WhiteElo "1340"]
[BlackElo "1651"]
[PlyCount "92"]

1. e4 c5 2. c3 Nc6 3. d4 cxd4 4. cxd4 d5 5. Nc3 dxe4 6. d5 Nb4 7. Nxe4 Qxd5 8.
Qxd5 Nxd5 9. Bc4 Ngf6 10. Nxf6+ Nxf6 11. Nf3 a6 12. O-O e6 13. Rd1 b5 14. Be2
Bb7 15. Bf4 Bc5 16. Rd3 Ne4 17. Be3 O-O 18. Bxc5 Nxc5 19. Rc3 Rac8 20. Rac1 Na4
21. Rxc8 Rxc8 22. Rxc8+ Bxc8 23. b3 Nc3 24. Bd3 Nxa2 25. Ng5 h6 26. Nf3 Bb7 27.
Ne1 Bd5 28. Bc2 Nc1 29. b4 Na2 30. Nd3 Bc4 31. Bb1 Nc3 32. Bc2 Nd5 33. Bb1 Bxd3
34. Bxd3 Nxb4 35. Be4 a5 36. Bc6 a4 37. Bxb5 a3 38. h3 a2 39. Kh2 a1=Q 40. Bc4
Qe5+ 41. Kg1 Nc2 42. g3 Qe1+ 43. Kh2 Qxf2+ 44. Kh1 Ne3 45. Bf1 Nxf1 46. h4
Nxg3# 0-1

[Event "Championnat de France des Jeunes - Pupil"]
[Site "AIX LES BAINS"]
[Date "2009.04.19"]
[Round "1.7"]
[White "Parlas, Helin"]
[Black "Legrand, Claire"]
[Result "0-1"]
[WhiteElo "1340"]
[BlackElo "1607"]
[PlyCount "118"]

1. e4 d6 2. d4 Nf6 3. Nc3 Nbd7 4. Bb5 c6 5. Ba4 e5 6. Bg5 Be7 7. Qd2 b5 8. Bb3
b4 9. Nce2 Nxe4 10. Bxe7 Nxd2 11. Bxd8 Nxb3 12. axb3 Kxd8 13. c3 c5 14. Nf3 Re8
15. Ng5 f6 16. Nf3 Bb7 17. O-O Bxf3 18. gxf3 exd4 19. Nf4 g5 20. Nd3 Ne5 21.
Nxe5 dxe5 22. Rfd1 bxc3 23. bxc3 Kc7 24. Rdc1 Reb8 25. cxd4 exd4 26. Rxc5+ Kd6
27. Rf5 Ke6 28. Rfa5 Rxb3 29. Re1+ Kf7 30. Rd1 Rb4 31. Rd5 a5 32. R1xd4 Rxd4
33. Rxd4 a4 34. Rd2 a3 35. Ra2 Ke6 36. Kf1 Kd5 37. Ke2 Kc4 38. Kd1 Kb3 39. Ra1
Kb2 40. Rc1 a2 41. Rc2+ Kb3 42. Rxa2 Rxa2 43. Ke1 Kc3 44. Kf1 Kd3 45. Kg2 h5
46. Kg3 f5 47. h4 gxh4+ 48. Kxh4 Rxf2 49. Kxh5 Rg2 50. f4 Ke4 51. Kh4 Kxf4 52.
Kh5 Ke5 53. Kh4 f4 54. Kh3 f3 55. Kh4 Kf4 56. Kh3 Rg8 57. Kh2 f2 58. Kh3 f1=Q+
59. Kh4 Qh1# 0-1

[Event "Championnat de France des Jeunes - Pupil"]
[Site "AIX LES BAINS"]
[Date "2009.04.19"]
[Round "1.8"]
[White "Desarnaud, Manon"]
[Black "Bottemer, Camille"]
[Result "1-0"]
[WhiteElo "1600"]
[BlackElo "1330"]
[PlyCount "45"]

1. Nf3 d5 2. d4 Nf6 3. e3 Nc6 4. c4 e6 5. Nc3 Bb4 6. Bd3 O-O 7. O-O Qd6 8. c5
Qd7 9. Bd2 b6 10. a3 Bxc3 11. Bxc3 bxc5 12. dxc5 Ng4 13. Ng5 Nge5 14. Bxh7+ Kh8
15. Qh5 g6 16. Bxg6+ Kg7 17. Qh7+ Kf6 18. Bc2 Kxg5 19. f4+ Kf6 20. Qh4+ Kg7 21.
Qg5+ Kh8 22. Qh6+ Kg8 23. Qh7# 1-0

[Event "Championnat de France des Jeunes - Pupil"]
[Site "AIX LES BAINS"]
[Date "2009.04.19"]
[Round "1.9"]
[White "Remy, Camille"]
[Black "Sourice, Nolwenn"]
[Result "1-0"]
[WhiteElo "1320"]
[BlackElo "1600"]
[PlyCount "63"]

1. e4 e5 2. Nf3 Nc6 3. Bc4 Bc5 4. c3 Nf6 5. d4 exd4 6. cxd4 Bb4+ 7. Nc3 d5 8.
exd5 Nxd5 9. Bd2 Nxc3 10. Bxc3 a6 11. O-O Bg4 12. h3 Bh5 13. Bxb4 Nxb4 14. Qb3
Qe7 15. Rfe1 Nc6 16. Rxe7+ Nxe7 17. Re1 b5 18. Qb4 O-O 19. Bxf7+ Bxf7 20. Rxe7
c6 21. Ne5 a5 22. Qc5 Bd5 23. Nxc6 Bc4 24. d5 Rac8 25. a4 Rf5 26. axb5 Bxd5 27.
g4 Rg5 28. f4 Bxc6 29. Qxg5 g6 30. bxc6 Rxc6 31. Qd5+ Kf8 32. Qd8# 1-0

[Event "Championnat de France des Jeunes - Pupil"]
[Site "AIX LES BAINS"]
[Date "2009.04.19"]
[Round "1.11"]
[White "Duffaud, Celia"]
[Black "Lin, Yun"]
[Result "0-1"]
[WhiteElo "1310"]
[BlackElo "1570"]
[PlyCount "139"]

1. c4 e5 2. Nc3 Nf6 3. g3 Bb4 4. Bg2 O-O 5. e3 Bxc3 6. bxc3 Nc6 7. Ne2 d5 8.
cxd5 Nxd5 9. O-O Bd7 10. Bxd5 Qe7 11. Bg2 Rfe8 12. Qc2 Qf6 13. d4 exd4 14. Nxd4
Rad8 15. Bb2 Nxd4 16. cxd4 c6 17. d5 Qd6 18. dxc6 Bxc6 19. Rad1 Qe6 20. Qc3 f6
21. Rxd8 Rxd8 22. Qa5 Ra8 23. Rd1 Bxg2 24. Kxg2 Qc6+ 25. Kg1 b6 26. Qc3 Qe6 27.
a4 Rc8 28. Qd4 h6 29. Qd5 Qxd5 30. Rxd5 Rc2 31. Bd4 Rc1+ 32. Kg2 Rc7 33. a5 Rb7
34. axb6 axb6 35. Rb5 Kf7 36. Rxb6 Rxb6 37. Bxb6 g5 38. e4 g4 39. h3 h5 40. f4
Ke6 41. hxg4 hxg4 42. Kf2 Kd6 43. Bd4 Ke6 44. e5 f5 45. Ke3 Kd7 46. Kd3 Ke7 47.
Kc4 Ke6 48. Kc5 Ke7 49. Kd5 Kd7 50. e6+ Ke7 51. Ke5 Ke8 52. Kf6 Kf8 53. Bc5+
Ke8 54. e7 Kd7 55. Kf7 Kc6 56. Ba3 Kd5 57. e8=Q Kd4 58. Kf6 Kd3 59. Kxf5 Kd4
60. Kxg4 Kd5 61. f5 Kd4 62. f6 Kd5 63. f7 Kd4 64. f8=R Kd5 65. Qe7 Kd4 66. Rd8+
Kc3 67. Qc7+ Kb3 68. Rb8+ Ka2 69. Be7 Ka1 70. Qa7# 0-1